000 00311nam a22001337a 4500
008 170815b xxu||||| |||| 00| 0 eng d
020 _a0155275208
041 _aeng
080 _a311
100 _a36
101 _aSTA
245 _aPROBABILITY AND STATISTICS WITH APPLICATIONS
_cSTRAIT,P.T
942 _2udc
_cBK
999 _c23463
_d23463